Music Quiz

Random Music or War Quiz

'Low Rider' Lyrics Quiz Stats

Quiz Updated Apr 13, 2016

Challenge
Share
Tweet
Embed
Score 0/83 Timer 05:00
1 Play Today
% Correct
low
98.4%
low
98.4%
low
98.4%
Low
98.4%
Low
98.4%
Low
98.4%
Low
98.4%
Low
98.4%
rider
98%
rider
98%
rider
98%
rider
98%
rider
98%
rider
98%
rider
98%
rider
98%
a
95.3%
a
95.3%
a
95.3%
a
95.3%
a
95.3%
a
95.3%
a
95.3%
a
95.3%
a
95.3%
the
81.1%
The
81.1%
the
81.1%
% Correct
The
81%
little
75.9%
little
75.9%
little
75.9%
little
75.9%
little
75.9%
little
75.9%
little
75.9%
little
75.9%
is
70.1%
is
70.1%
is
70.1%
my
64.1%
me
63.6%
All
60.4%
Take
56.6%
Take
56.6%
Take
56.6%
take
56.6%
take
56.6%
Take
56.6%
higher
56.1%
to
55.5%
and
55%
friends
54.7%
with
53.9%
trip
52%
trip
52%
% Correct
trip
52%
trip
52%
trip
52%
trip
52%
drive
48.1%
see
46.9%
know
40.8%
no
40.3%
slower
37.7%
fast
37.4%
too
35.5%
don't
34.5%
don't
34.5%
now
30%
one
29.6%
drives
29%
gas
24.4%
yeah
22.8%
yeah
22.8%
use
21.4%
real
20.8%
meet
18.9%
street
17.8%
every
16.3%
goer
15.7%
knows
13.8%
Hey
6.5%

You're not logged in!

Compare scores with friends on all Sporcle quizzes.
Join for Free
OR
Log In

You Might Also Like...

Show Comments

Extras

Top Quizzes Today


Score Distribution

Your Account Isn't Verified!

In order to create a playlist on Sporcle, you need to verify the email address you used during registration. Go to your Sporcle Settings to finish the process.

Report this User

Report this user for behavior that violates our Community Guidelines.

Details: